| 000 | 00573nam a2200193 4500 | ||
|---|---|---|---|
| 010 | _aA-285744 | ||
| 020 | _a9679993515 | ||
| 035 | _aA-285744 | ||
| 037 | _bCen Lib / Ret | ||
| 040 |
_aDPL _bEn |
||
| 082 |
_a881 _bPER |
||
| 100 | _aPeris, O. Don Eric | ||
| 245 |
_aImages of Gitanjali / _cby O. Don Eric Peris |
||
| 260 |
_aKuala Lumpur _bAngsana Publications _c1984 |
||
| 270 |
_aSuite 4.03 Menara Promet Jalan Sultan Ismail _bKuala Lumpur |
||
| 300 |
_a65p ; _bill : _c31cm(Hb) |
||
| 650 | _aPhotography, Artistic. | ||
| 942 |
_2ddc _cEN _h881 _mPER |
||
| 999 |
_c136996 _d136996 |
||